Status paper on five year plan, Tripura (Record no. 489275)

000 -LEADER
fixed length control field 00287cam a22001097a 4500
008 - FIXED-LENGTH DATA ELEMENTS--GENERAL INFORMATION
fixed length control field 180718b-- xxu||||| |||| 00| 0 eng d
082 ## - DEWEY DECIMAL CLASSIFICATION NUMBER
Classification number T000x5464 S
100 ## - MAIN ENTRY--PERSONAL NAME
Personal name Tripura.
245 ## - TITLE STATEMENT
Title Status paper on five year plan, Tripura
260 ## - PUBLICATION, DISTRIBUTION, ETC.
Place of publication, distribution, etc. Agartala
Name of publisher, distributor, etc. The author
Date of publication, distribution, etc. --
500 ## - GENERAL NOTE
General note Library has 7
Holdings
Withdrawn status Lost status Damaged status Not for loan Permanent Location Current Location Date acquired Full call number Barcode Date last seen Price effective from Koha item type
        Indian Institute of Public Administration Indian Institute of Public Administration 2018-08-04 T000x5464 S GG20531 2018-08-04 2018-08-04 GG

Powered by Koha